| 000 | 00720nam a22002057a 4500 | ||
|---|---|---|---|
| 999 |
_c3856 _d3856 |
||
| 003 | AR-CdUCM | ||
| 008 | 190307b ||||| |||| 00| 0 spa d | ||
| 040 |
_aMUNICIPALIDAD PROVINCIAL DEL CUSCO _cBIBLIOTECA MUNICIPAL DEL CUSCO |
||
| 082 |
_a113 / _bG34 |
||
| 100 |
_aGeertz, Clifford _912396 |
||
| 245 | _aVisión del mundo y análisis de símbolos sagrados / | ||
| 260 |
_aLima : _bPontificia Universidad Católica del Perú, _bDepartamento de Ciencias Sociales, Area de Antropología, _c1973. |
||
| 300 |
_a88 páginas ; _c20 cm. |
||
| 440 |
_aSerie de antropología _n2 _912397 |
||
| 650 |
_aSimbolismo _912398 |
||
| 650 |
_aIndonesia _912399 |
||
| 650 |
_aIsla Balí _912400 |
||
| 942 |
_2ddc _cLIBROS |
||
| 945 | _araen | ||